00552nam a2200157Ia 4500008004100000020005500041040000800096082001800104100002600122245002600148260000600174264007800180942001300258952010600271999001700377231129s9999||||xx |||||||||||||| ||spa|| a958-96622-0-X  bspa a986.134 R436m aRestrepo Luis Carlos 0aMemorias de la tierra c0 aFondo Mixto para la Promoción de la Cultura y las Artes del Quindí­o 2ddccBKS 00102ddc4070aBRCbBRCd2014-03-20l0o986.134 R436mp7079r2023-11-29 21:23:31t1w2023-11-29yBK c20939d20939